Adivina el país por su anagrama con palabras - Estadísticas

Estadísticas generales
  • Esta prueba ha sido intentada 78 veces
  • La puntuación promedio es 5 de 10
Estadísticas de respuestas
Anagrama País % Correcto
Dan acá Canadá
94%
Silbar Brasil
91%
La ganó Angola
66%
Tina negra Argentina
60%
Ni da roja Jordania
60%
Minó algo Mongolia
54%
No eleváis Eslovenia
40%
Sonamos lilas Islas Salomón
39%
Fraccionarte pan cual brie República Centroafricana
27%
Abre su lirio Bielorrusia
19%
No se encontraron pruebas coincidentes
Distribución de puntuación
Porcentaje de gente con cada puntuación
Porcentaje por número respondido
Historial de tus puntuaciones
No has intentado esta prueba.